5 najludniejszych miast w każdym państwie z mapą - Statystyki

Ogólne statystyki
  • Ten quiz został rozwiązany 1 153 razy
    1 063 od ostatniego zresetowania
  • Średni wynik to 168 z 968
Odpowiedzi na mapie
Odpowiedzi zakodowano w zielono-czerwonej skali na mapie do tego quizu, zgodnie z poniższymi procentami.
 
Statystyki odpowiedzi
Państwo Populacja Miasto % Poprawnych
Polska 1 783 000 Warszawa
91%
Polska 769 000 Kraków
86%
Polska 641 000 Wrocław
83%
Polska 531 000 Poznań
82%
Polska 677 000 Łódź
81%
Niemcy 4 725 000 Berlin
79%
Rosja 17 300 000 Moskwa
79%
Stany Zjednoczone 22 100 000 Nowy Jork
79%
Francja 11 400 000 Paryż
76%
Wielka Brytania 14 800 000 Londyn
75%
Czarnogóra 13 503 Bar
74%
Stany Zjednoczone 17 700 000 Los Angeles
74%
Hiszpania 6 550 000 Madryt
74%
Hiszpania 4 775 000 Barcelona
73%
Włochy 3 575 000 Rzym
73%
Sierra Leone 174 369 Bo
72%
Ukraina 3 475 000 Kijów
72%
Norwegia 693 494 Oslo
72%
Portugalia 552 700 Lizbona
71%
Rosja 5 650 000 Petersburg
71%
Czechy 1 324 277 Praga
71%
Irlandia 1 173 179 Dublin
70%
Meksyk 23 000 000 Meksyk
70%
Grecja 3 003 104 Ateny
69%
Stany Zjednoczone 9 750 000 Chicago
69%
Portugalia 237 591 Porto
69%
Japonia 40 400 000 Tokio
69%
Kanada 7 450 000 Toronto
69%
Niemcy 2 875 000 Hamburg
68%
Włochy 6 200 000 Mediolan
68%
Białoruś 2 028 000 Mińsk
68%
Austria 2 237 679 Wiedeń
68%
Holandia 1 149000 Amsterdam
67%
Belgia 2 081 000 Bruksela
67%
Finlandia 1 286 172 Helsinki
67%
Islandia 222 776 Reykjavík
67%
Australia 5 300 000 Sydney
67%
Szwecja 1 758 893 Sztokholm
67%
Stany Zjednoczone 8 550 000 Waszyngton
67%
Węgry 1 752 286 Budapeszt
66%
Chiny 19 800 000 Pekin
66%
Brazylia 13 200 000 Rio de Janeiro
66%
Rumunia 1 883 425 Bukareszt
65%
Dania 330 993 Kopenhaga
65%
Wielka Brytania 3 050 000 Manchester
65%
Litwa 550 834 Wilno
65%
Słowacja 437 726 Bratysława
64%
Egipt 20 901 000 Kair
64%
Francja 1 660 000 Marsylia
64%
Włochy 4 225 000 Neapol
64%
Turcja 16 000 000 Stambuł
64%
Andora 19 383 Andora
63%
Turcja 5 050 000 Ankara
63%
Argentyna 16 400 000 Buenos Aires
63%
Francja 1 980 000 Lyon
63%
Łotwa 627 487 Ryga
63%
San Marino 4 063 San Marino
63%
Watykan 801 Watykan
63%
Chorwacja 684 620 Zagrzeb
63%
Brazylia 4 000 000 Brasília
62%
Stany Zjednoczone 7 850 000 San Francisco
62%
Bułgaria 1 242 568 Sofia
62%
Wielka Brytania 1 880 000 Liverpool
61%
Estonia 437 619 Tallinn
61%
Korea Południowa 24 800 000 Seul
60%
Szwajcaria 430 000 Berno
59%
Niemcy 5 000 000 Kolonia-Düsseldorf
59%
Peru 10 719 000 Lima
59%
Albania 931 515 Tirana
59%
Włochy 1 640 000 Turyn
59%
Luksemburg 174 290 Luksemburg
58%
Monako 39 242 Monako
58%
Grecja 777 539 Saloniki
58%
Wielka Brytania 3 150 000 Birmingham
57%
Holandia 1 010 000 Rotterdam
57%
Brazylia 22 400 000 São Paulo
57%
Bośnia i Hercegowina 348 363 Sarajewo
57%
Iran 15 300 000 Teheran
57%
Serbia 1 166 763 Belgrad
56%
Indie 30 300 000 Delhi
56%
Niemcy 3 250 000 Frankfurt nad Menem
56%
Izrael 987 438 Jerozolima
56%
Kanada 2 875 000 Vancouver
56%
Algieria 2 768 000 Algier
55%
Mołdawia 532 513 Kiszyniów
55%
Mikronezja 6 494 Kolonia
55%
Maroko 2 050 000 Rabat
55%
Chiny 33 600 000 Szanghaj
55%
Hiszpania 1 840 000 Walencja
55%
Wenezuela 2 000 000 Walencja
55%
Kolumbia 9 600 000 Bogota
54%
Ukraina 1 640 000 Charków
54%
Kuba 2 131 480 Hawana
54%
Hiszpania 1 290 000 Sewilla
54%
Liechtenstein 5 696 Vaduz
54%
Szwajcaria 1 395 000 Zurych
54%
Zjednoczone Emiraty Arabskie 2 878 000 Dubaj
53%
Togo 113 100 Kara
53%
Słowenia 286 745 Lublana
53%
Australia 4 975 000 Melbourne
53%
Cypr 119 282 Nikozja
53%
Ukraina 1 110 000 Odessa
53%
Chile 6 767 000 Santiago
53%
Kuba 433 581 Santiago de Cuba
53%
Dominikana 550 753 Santiago de los Caballeros
53%
Tunezja 638 845 Tunis
53%
Azerbejdżan 1 229 100 Baku
52%
Czechy 381 346 Brno
52%
Szwecja 321 845 Malmö
52%
Arabia Saudyjska 8 050 000 Rijad
51%
Indonezja 31 300 000 Dżakarta
50%
Kanada 4 225 000 Montreal
50%
Japonia 17 700 000 Osaka
50%
Mongolia 1 373 150 Ułan Bator
50%
Egipt 5 281 000 Aleksandria
49%
Kazachstan 1 166 000 Astana
49%
Ukraina 1 440 000 Donieck
49%
Afganistan 4 273 200 Kabul
49%
Urugwaj 1 304 687 Montevideo
49%
Korea Północna 3 084 000 Pjongjang
49%
Irak 7 000 000 Bagdad
48%
Tajlandia 10 539 000 Bangkok
48%
Wenezuela 3 750 000 Caracas
48%
Włochy 1 010 000 Florencja
48%
Szwajcaria 613 000 Genewa
48%
Holandia 698 000 Haga
48%
Indie 25 100 000 Mumbaj
48%
Panama 430 299 Panama
48%
Nowa Zelandia 209 420 Wellington
48%
Republika Południowej Afryki 4 618 000 Kapsztad
47%
Boliwia 758 845 La Paz
47%
Czechy 287 968 Ostrawa
47%
Australia 2 075 000 Perth
47%
Kosowo 145 149 Prisztina
47%
Macedonia Północna 509 900 Skopje
47%
Gruzja 1 140 700 Tbilisi
47%
Francja 1 080 000 Bordeaux
46%
Syria 2 392 000 Damaszek
46%
Izrael 451 523 Tel Awiw-Jafa
46%
Zjednoczone Emiraty Arabskie 1 483 000 Abu Zabi
45%
Maroko 4 475 000 Casablanca
45%
Republika Południowej Afryki 5 783 000 Johannesburg
45%
Litwa 289 364 Kowno
45%
Filipiny 13 923 000 Manila
45%
Czarnogóra 150 977 Podgorica
45%
Singapur 5 850 342 Singapur
45%
Armenia 1 084 000 Erywań
44%
Wietnam 4 678 000 Hanoi
44%
Hiszpania 1 030 000 Málaga
44%
Austria 230 276 Salzburg
44%
Tajwan 2 721 000 Tajpej
44%
Belgia 1 042 000 Antwerpia
43%
Austria 348 349 Graz
43%
Ekwador 1 847 113 Quito
43%
Chorwacja 148 014 Split
43%
Liban 450 000 Trypolis
43%
Libia 1 150 989 Trypolis
43%
Senegal 2 646 503 Dakar
42%
Bangladesz 21 006 000 Dhaka
42%
Katar 587 055 Doha
42%
Katar 364 710 Doha Industrial Area
42%
Szwecja 651 014 Göteborg
42%
Madagaskar 1 275 207 Antananarywa
41%
Chiny 46 700 000 Kanton
41%
Słowacja 238 93 Koszyce
41%
Malezja 7 997 000 Kuala Lumpur
41%
Nigeria 19 400 000 Lagos
41%
Kenia 4 735 000 Nairobi
41%
Republika Południowej Afryki 2 566 000 Pretoria
41%
Nowa Zelandia 1 402 020 Auckland
40%
Norwegia 283 929 Bergen
40%
Jamajka 590 169 Kingston
40%
Saint Vincent i Grenadyny 24 518 Kingstown
40%
Wielka Brytania 2 175 000 Leeds
40%
Białoruś 387 000 Grodno
39%
Austria 229 233 Innsbruck
39%
Malediwy 127 079 Male
39%
Irlandia 208 669 Cork
38%
Demokratyczna Republika Konga 12 400 000 Kinszasa
38%
Kolumbia 4 025 000 Medellín
38%
Etiopia 4 794 000 Addis Abeba
37%
Liban 1 650 000 Bejrut
37%
Gwatemala 923 392 Gwatemala
37%
Nepal 1 003 285 Katmandu
37%
Litwa 149 116 Kłajpeda
37%
Paragwaj 522 300 Asunción
36%
Meksyk 5 350 000 Guadalajara
36%
Turcja 3 025 000 Izmir
36%
Francja 1 290 000 Lille
36%
Austria 272 398 Linz
36%
Turkmenistan 126 141 Mary
36%
Haiti 875 978 Port-au-Prince
36%
Jemen 2 973 000 Sana
36%
Jordania 2 148 000 Amman
35%
Ukraina 1 390 000 Dniepr
35%
Arabia Saudyjska 2 125 000 Mekka
35%
Japonia 2 500 000 Sapporo
35%
Bułgaria 336 216 Warna
35%
Sudan 5 829 000 Chartum
34%
Maroko 1 120 000 Marrakesz
34%
Kostaryka 1 453 500 San José
34%
Dominikana 2 581 827 Santo Domingo
34%
Ekwador 367 184 Santo Domingo
34%
Kazachstan 1 896 000 Ałmaty
33%
Portugalia 136 885 Braga
33%
Australia 3 150 000 Brisbane
33%
Angola 8 330 000 Luanda
33%
Norwegia 205 163 Trondheim
33%
Nigeria 3 525 000 Abudża
32%
Ghana 2 291 352 Akra
32%
Szwajcaria 559 000 Bazylea
32%
Kanada 1 500 000 Calgary
32%
Pakistan 17 800 000 Karaczi
32%
Indie 16 800 000 Kolkata
32%
Meksyk 5 000 000 Monterrey
32%
Czechy 174 842 Pilzno
32%
Uzbekistan 2 517 000 Taszkent
32%
Kanada 1 370 000 Edmonton
31%
Somalia 2 282 000 Mogadiszu
31%
Australia 1 340 000 Adelaide
30%
Kirgistan 1 039 072 Biszkek
30%
Rosja 1 690 000 Nowosybirsk
30%
Serbia 231 798 Nowy Sad
30%
Salwador 316 090 San Salvador
30%
Holandia 359 000 Eindhoven
29%
Rosja 1 660 000 Jekaterynburg
29%
Bahamy 246 329 Nassau
29%
Kambodża 1 242 992 Phnom Penh
29%
Jamajka 212 053 Portmore
29%
Papua-Nowa Gwinea 364 125 Port Moresby
29%
Chorwacja 114 621 Rijeka
29%
Finlandia 274 896 Turku
29%
Dżibuti 475 322 Dżibuti
28%
Gujana 118 369 Georgetown
28%
Saint Vincent i Grenadyny 1 680 Georgetown
28%
Wietnam 8 602 000 Ho Chi Minh
28%
Sri Lanka 561 314 Kolombo
28%
Laos 620 157 Wientian
28%
Brazylia 5 000 000 Belo Horizonte
27%
Grecja 166 341 Heraklion
27%
Arabia Saudyjska 1 540 000 Medyna
27%
Honduras 1 079 400 Tegucigalpa
27%
Liban 125 000 Tyr
27%
Dania 280 534 Aarhus
26%
Gwinea Bissau 387 909 Bissau
26%
Kongo 1 373 382 Brazzaville
26%
Tadżykistan 846 400 Duszanbe
26%
Rumunia 324 576 Kluż-Napoka
26%
Czechy 104 802 Liberec
26%
Bahrajn 143 035 Manama
26%
Kolumbia 2 875 000 Cali
25%
Timor Wschodni 244 584 Dili
25%
Białoruś 558 000 Homel
25%
Belgia 670 000 Liège
25%
Szwajcaria 442 000 Lozanna
25%
Słowenia 96 211 Maribor
25%
Rosja 1 730 000 Niżny Nowogród
25%
Trynidad i Tobago 37 074 Port-of-Spain
25%
Chorwacja 73 439 Zadar
25%
Dania 117 351 Aalborg
24%
Turkmenistan 947 221 Aszchabad
24%
Zambia 2 627 700 Lusaka
24%
Japonia 10 500 000 Nagoja
24%
Czad 951 418 Ndżamena
24%
Surinam 240 924 Paramaribo
24%
Mołdawia 133 807 Tyraspol
24%
Mali 1 810 366 Bamako
23%
Belize 24 294 Belmopan
23%
Bułgaria 201 779 Burgas
23%
Sierra Leone 1 055 964 Freetown
23%
Zimbabwe 1 485 231 Harare
23%
Uganda 1 680 600 Kampala
23%
Nikaragua 1 038 785 Managua
23%
Niger 978 029 Niamey
23%
Dania 180 302 Odense
23%
Holandia 544 000 Utrecht
23%
Gruzja 166 000 Batumi
22%
Węgry 201 432 Debreczyn
22%
Belgia 466 000 Gandawa
22%
Gabon 703 940 Libreville
22%
Mozambik 1 110 000 Maputo
22%
Liberia 1 021 762 Monrovia
22%
Malta 20 988 Mosta
22%
Argentyna 1 370 000 Rosario
22%
Bułgaria 141 231 Ruse
22%
Bhutan 114 551 Thimphu
22%
Syria 1 917 000 Aleppo
21%
Brunei 202 715 Bandar Seri Begawan
21%
Korea Południowa 4 125 000 Busan
21%
Botswana 288 349 Gaborone
21%
Rwanda 859 332 Kigali
21%
Algieria 899 000 Oran
21%
Finlandia 202 586 Oulu
21%
Fidżi 185 913 Suva
21%
Szwecja 166 049 Uppsala
21%
Namibia 325 858 Windhuk
21%
Białoruś 378 000 Witebsk
21%
Wybrzeże Kości Słoniowej 4 395 243 Abidżan
20%
Belize 64 287 Belize City
20%
Turcja 2 075 000 Bursa
20%
Nowa Zelandia 374 100 Christchurch
20%
Argentyna 1 670 000 Córdoba
20%
Tanzania 6 702 000 Dar es Salaam
20%
Sudan Południowy 230 195 Dżuba
20%
Maroko 1 270 000 Fez
20%
Izrael 283 640 Hajfa
20%
Kamerun 3 992 000 Jaunde
20%
Cypr 108 233 Limassol
20%
Togo 2 090 600 Lomé
20%
Kenia 1 296 000 Mombassa
20%
Bośnia i Hercegowina 60 195 Mostar
20%
Mjanma 333 506 Naypyidaw
20%
Bułgaria 347 851 Płowdiw
20%
Brazylia 4 125 000 Porto Alegre
20%
Wyspy Świętego Tomasza i Książeca 67 000 São Tomé
20%
Finlandia 337 541 Tampere
20%
Republika Południowej Afryki 3 158 000 Durban
19%
Gwinea 1 660 973 Konakry
19%
Benin 264 320 Porto-Novo
19%
Republika Zielonego Przylądka 9 430 Porto-Novo
19%
Burkina Faso 1 475 223 Wagadugu
19%
Niemcy 5 700 000 Zagłębie Ruhry
19%
Erytrea 649 707 Asmara
18%
Republika Środkowoafrykańska 622 771 Bangi
18%
Bośnia i Hercegowina 135 059 Banja Luka
18%
Indie 11 300 000 Ćennaj
18%
Albania 226 823 Durrës
18%
Arabia Saudyjska 4 950 000 Dżudda
18%
Gruzja 138200 Kutaisi
18%
Cypr 56 764 Larnaka
18%
Irlandia 94 192 Limerick
18%
Mauretania 958 399 Nawakszut
18%
Republika Zielonego Przylądka 127 832 Praia
18%
Słowacja 80 727 Żylina
18%
Gambia 34 589 Bandżul
17%
Barbados 98 511 Bridgetown
17%
Łotwa 82 046 Dyneburg
17%
Rumunia 283 872 Konstanca
17%
Słowenia 25 753 Koper
17%
Malawi 989 318 Lilongwe
17%
Mauritius 147 448 Port Louis
17%
Słowacja 88 464 Preszów
17%
Antigua i Barbuda 24 451 Saint John’s
17%
Norwegia 143 574 Stavanger
17%
Samoa 37 391 Apia
16%
Wyspy Salomona 80 551 Honiara
16%
Nigeria 4 700 000 Kano
16%
Pakistan 13 000 000 Lahaur
16%
Lesotho 330 760 Maseru
16%
Eswatini 76 218 Mbabane
16%
Egipt 737 000 Port Said
16%
Rumunia 319 279 Timișoara
16%
Słowacja 78 084 Bańská Bystrzyca
15%
Indie 12 200 000 Bengaluru
15%
Irlandia 79 934 Galway
15%
Burundi 41 944 Gitega
15%
Wybrzeże Kości Słoniowej 212 670 Jamusukro
15%
Białoruś 388 000 Mohylew
15%
Serbia 183 164 Nisz
15%
Kosowo 48 962 Peć
15%
Litwa 85 885 Poniewież
15%
Meksyk 3 175 000 Puebla
15%
Mjanma 4 728 524 Rangun
15%
Grenada 7 500 Saint George's
15%
Egipt 638 000 Suez
15%
Estonia 92 972 Tartu
15%
Chiny 10 000 000 Xiamen
15%
Irak 1 520 000 Basra
14%
Rumunia 290 422 Jassy
14%
Gwinea Równikowa 155 963 Malabo
14%
Węgry 154 521 Miszkolc
14%
Mongolia 40 510 Mörön
14%
Estonia 54 409 Narwa
14%
Chorwacja 78 237 Osijek
14%
Dominika 14 725 Roseau
14%
Indonezja 6 100 000 Surabaja
14%
Nauru 747 Yaren
14%
Jemen 980 000 Aden
13%
Maroko 1 190 000 Agadir
13%
Kolumbia 2 100 000 Barranquilla
13%
Saint Kitts i Nevis 12 920 Basseterre
13%
Saint Lucia 10 634 Castries
13%
Japonia 2 750 000 Fukuoka
13%
Iran 3 200 000 Isfahan
13%
Łotwa 68 535 Lipawa
13%
Islandia 186 809 Njarðvík
13%
Tonga 23 221 Nuku'alofa
13%
Vanuatu 35 901 Port Vila
13%
Boliwia 1 442 396 Santa Cruz
13%
Liechtenstein 6 039 Schaan
13%
Węgry 160 766 Segedyn
13%
Litwa 101 511 Szawle
13%
Kiribati 40 311 Tarawa
13%
Chiny 12 700 000 Tiencin
13%
Libia 650 629 Bengazi
12%
Belgia 413 000 Charleroi
12%
Bangladesz 5 020 000 Ćottogram
12%
Tuvalu 6 111 Funafuti
12%
Ekwador 2 615 336 Guayaquil
12%
Samoa 3 457 Le'auva'a
12%
Wenezuela 2 625 000 Maracaibo
12%
Komory 53 617 Moroni
12%
Irak 1 400 000 Mosul
12%
Mikronezja 6 856 Palikir
12%
Węgry 142 873 Pecz
12%
Grecja 159 609 Larisa
11%
Wyspy Marshalla 25 400 Majuro
11%
Grecja 196 655 Patras
11%
Indonezja 6 950 000 Bandung
10%
Słowenia 37 872 Celje
10%
Nikaragua 171 255 León
10%
Malta 29 097 Saint Paul's Bay
10%
Albania 105 561 Szkodra
10%
Irlandia 53 504 Waterford
10%
Grenada 2 256 Wiktoria
10%
Seszele 26 127 Wiktoria
10%
Albania 90 771 Wlora
10%
Tanzania 705 000 Zanzibar
10%
Turcja 1 740 000 Adana
9%
Burundi 497 166 Bużumbura
9%
Filipiny 980 000 Cebu City
9%
Korea Południowa 2 750 000 Daegu
9%
Filipiny 1 825 000 Davao City
9%
Kamerun 3 663 000 Duala
9%
Nigeria 3 575 000 Ibadan
9%
Ghana 2 069 350 Kumasi
9%
Iran 3 200 000 Meszhed
9%
Estonia 39 605 Parnawa
9%
Uzbekistan 579 000 Samarkanda
9%
Kazachstan 431 000 Aktobe
8%
Islandia 18 769 Akureyri
8%
Bahrajn 47 529 Ali
8%
Chile 439 000 Antofagasta
8%
Mołdawia 97 930 Bielce
8%
Boliwia 632 013 Cochabamba
8%
Wietnam 1 125 000 Da Nang
8%
Nowa Zelandia 165 850 Hamilton
8%
Łotwa 56 062 Jełgawa
8%
Łotwa 49 687 Jurmała
8%
Afganistan 506 800 Kandahar
8%
Indonezja 4 000 000 Medan
8%
Argentyna 1 090 000 Mendoza
8%
Kirgistan 283 253 Osz
8%
Sudan 484 000 Port Sudan
8%
Kosowo 85 119 Prizren
8%
Zjednoczone Emiraty Arabskie 1 685 000 Szardża
8%
Bośnia i Hercegowina 74 457 Tuzla
8%
Chile 984 000 Valparaíso
8%
Peru 923 000 Arequipa
7%
Dżibuti 13 260 Arta
7%
Oman 284 877 As-Sib
7%
Macedonia Północna 71 350 Bitola
7%
Luksemburg 21 291 Dudelange
7%
Dania 72 037 Esbjerg
7%
Afganistan 556 200 Herat
7%
Syria 1 336 000 Homs
7%
Kazachstan 505 000 Karaganda
7%
Benin 679 012 Kotonu
7%
Serbia 150 835 Kragujevac
7%
Saint Kitts i Nevis 2 460 Saint Paul’s
7%
Dominika 2 147 Salisbury
7%
Belize 20 542 San Pedro
7%
Dominikana 185 255 San Pedro de Macorís
7%
San Marino 10 976 Serravalle
7%
Serbia 97 910 Subotica
7%
Iran 1 820 000 Tabriz
7%
Macedonia Północna 56 580 Tetowo
7%
Peru 865 000 Trujillo
7%
Szwecja 127 799 Västerås
7%
Bośnia i Hercegowina 70 553 Zenica
7%
Portugalia 175 136 Amadora
6%
Korea Południowa 1 540 000 Daejeon
6%
Albania 105 124 Elbasan
6%
Luksemburg 92 470 Esch-sur-Alzette
6%
Pakistan 3 650 000 Fajsalabad
6%
Finlandia 126 606 Jyväskylä
6%
Tunezja 139 070 Kairuan
6%
Irak 1 030 000 Kirkuk
6%
Słowenia 37 941 Kranj
6%
Demokratyczna Republika Konga 2 200 000 Lubumbashi
6%
Mjanma 1 225 546 Mandalaj
6%
Czarnogóra 56 970 Nikšić
6%
Nigeria 2 350 000 Port Harcourt
6%
Salwador 158 136 San Miguel
6%
Honduras 661 190 San Pedro Sula
6%
Gruzja 65 439 Suchumi
6%
Tunezja 221 530 Susa
6%
Iran 1 770 000 Sziraz
6%
Kazachstan 1 058 000 Szymkent
6%
Meksyk 2 325 000 Toluca
6%
Kiribati 2 766 Bairiki
5%
Gwinea Równikowa 173 046 Bata
5%
Mołdawia 91 882 Bendery
5%
Angola 715 000 Benguela
5%
Kolumbia 1 260 000 Bucaramanga
5%
Tajlandia 1 167 000 Chiang Mai
5%
Chile 881 000 Concepción
5%
Arabia Saudyjska 2 500 000 Dammam
5%
Boliwia 846 880 El Alto
5%
Irak 1 090 000 Erbil‎
5%
Azerbejdżan 328 400 Gandża
5%
Korea Południowa 1 600 000 Gwangju
5%
Syria 922 000 Hama
5%
Malezja 1 024 000 Johor Bahru
5%
Angola 778 000 Kabinda
5%
Tajwan 1 538 000 Kaohsiung
5%
Demokratyczna Republika Konga 1 160 000 Kisangani
5%
Macedonia Północna 73 590 Kumanowo
5%
Kosowo 46 230 Mitrowica
5%
Tajwan 4 398 000 Nowe Tajpej
5%
Pakistan 3 450 000 Rawalpindi
5%
Tunezja 272 801 Safakis
5%
Kuba 216 854 Santa Clara
5%
Indonezja 2 250 000 Semarang
5%
Kambodża 168 662 Siem Reap
5%
Senegal 317 763 Thiès
5%
Mauritius 106 022 Vacoas-Phoenix
5%
Portugalia 186 502 Vila Nova de Gaia
5%
Zjednoczone Emiraty Arabskie 611 000 Al Ain
4%
Malawi 800 264 Blantyre
4%
Czarnogóra 13 918 Cetynia
4%
Paragwaj 301 800 Ciudad del Este
4%
Ekwador 392439 Cuenca
4%
Afganistan 263 300 Dżalalabad
4%
Kirgistan 111 135 Dżalalabad
4%
Andora 7 575 Encamp
4%
Armenia 112 400 Giumri
4%
Wietnam 1 300 000 Hajfong
4%
Estonia 33 197 Kohtla-Järve
4%
Algieria 414 000 Konstantyna
4%
Palau 9 781 Koror
4%
Papua-Nowa Gwinea 148 934 Lae
4%
Andora 5 353 La Massana
4%
Chile 484 000 La Serena-Coquimbo
4%
Syria 656 000 Latakia
4%
Laos 66 781 Luang Prabang
4%
Angola 828 000 Lubango
4%
Afganistan 469 200 Mazar-i-Sharif
4%
Demokratyczna Republika Konga 2 075 000 Mbuji-Mayi
4%
Jamajka 125 681 Montego Bay
4%
Kongo 715 334 Pointe-Noire
4%
Oman 155 309 Salala
4%
Salwador 204 340 Santa Ana
4%
Andora 7 636 Sant Julià de Lòria
4%
Malta 22 591 Sliema
4%
Tuvalu 358 Tonga
4%
Liechtenstein 5 275 Triesen
4%
Islandia 7 463 Akranes
3%
Egipt 556 000 Al-Mansura
3%
Tanzania 493 000 Arusha
3%
Norwegia 127 731 Bærum
3%
Mjanma 254 424 Bago
3%
Gambia 43 098 Bakau
3%
Liechtenstein 4 642 Balzers
3%
Wenezuela 1 300 000 Barquisimeto
3%
Mozambik 570 000 Beira
3%
Somalia 499 000 Berbera
3%
Republika Środkowoafrykańska 124 776 Bimbo
3%
Malta 24 356 Birkirkara
3%
Burkina Faso 489 967 Bobo-Dioulasso
3%
San Marino 6 946 Borgo Maggiore
3%
Zimbabwe 653 337 Bulawayo
3%
Kuba 308 902 Camaguey
3%
Haiti 430 250 Carrefour
3%
Peru 637 000 Chiclayo
3%
Mongolia 46 710 Czojbalsan
3%
Etiopia 408 000 Dire Dawa
3%
San Marino 3 584 Domagnano
3%
Algieria 503 000 Dżilfa
3%
Kenia 394 000 Eldoret
3%
Mongolia 99 490 Erdenet
3%
Andora 14 599 Escaldes-Engordany
3%
Liechtenstein 4 466 Eschen
3%
Republika Zielonego Przylądka 17 081 Espargos
3%
San Marino 2 552 Fiorentino
3%
Botswana 117 959 Francistown
3%
Bahamy 28 000 Freeport
3%
Kosowo 54 239 Gnjilane
3%
Pakistan 2 775 000 Gudźranwala
3%
Somalia 989 000 Hargeisa
3%
Kuba 297 433 Holguín
3%
Angola 671 000 Huambo
3%
Malezja 814 000 Ipoh
3%
Jordania 557 000 Irbid
3%
Demokratyczna Republika Konga 1 230 000 Kananga
3%
Bangladesz 954 000 Khulna
3%
Malezja 550 000 Kota Kinabalu
3%
Malezja 612 000 Kuching
3%
Wenezuela 1 420 000 Maracay
3%
Bahamy 4 368 Marsh Harbour
3%
Botswana 82 959 Maun
3%
Senegal 232 777 M'Bour
3%
Libia 386 120 Misrata
3%
Kenia 383 000 Nakuru
3%
Mozambik 848 000 Nampula
3%
Mikronezja 7 158 Nett
3%
Uzbekistan 338 000 Nukus
3%
Boliwia 264 943 Oruro
3%
Laos 68 093 Pakxé
3%
Bhutan 11 448 Paro
3%
Luksemburg 30 038 Pétange
3%
Peru 474 000 Piura
3%
Czarnogóra 19 136 Pljevlja
3%
Macedonia Północna 64 290 Prilep
3%
Gwatemala 180 706 Quetzaltenango
3%
Gruzja 128 300 Rustawi
3%
Mołdawia 47 949 Rybnica
3%
Urugwaj 104 011 Salto
3%
Paragwaj 257 500 San Lorenzo
3%
Argentyna 1 020 000 San Miguel de Tucumán
3%
Islandia 8 068 Selfoss
3%
Gambia 340 000 Serrekunda
3%
Liban 250 000 Sidon
3%
Jamajka 164 648 Spanish Town
3%
Azerbejdżan 297 600 Sumgait
3%
Namibia 44 725 Swakopmund
3%
Tajwan 1 321 000 Taichung
3%
Ghana 562 919 Tamale
3%
Nowa Zelandia 144 670 Tauranga
3%
Madagaskar 326 286 Toamasina
3%
Senegal 753 315 Touba
3%
Namibia 62 096 Walvis Bay
3%
Sudan Południowy 118 331 Wau
3%
Korea Północna 353 000 Wonsan
3%
Liban 140 000 Zahlé
3%
Czad 97 963 Abéché
2%
Benin 117 824 Abomey-Calavi
2%
Armenia 44 900 Abowian
2%
Etiopia 378 000 Adama
2%
Zjednoczone Emiraty Arabskie 392 000 Adżman
2%
Niger 110 497 Agadez
2%
Palau 1 928 Airai
2%
Nauru 1 220 Aiwo
2%
Kuwejt 637 411 Al Ahmadi
2%
Kostaryka 196 900 Alajuela
2%
Algieria 473 000 Al-Bulajda
2%
Libia 201 943 Al-Chums
2%
Kuwejt 86 525 Al-Farwanijja
2%
Kuwejt 68 290 Al-Fuhajhil
2%
Jordania 385 000 Al-Kuwajsima
2%
Antigua i Barbuda 3 900 All Saints
2%
Bahrajn 91 307 Al-Muharrak
2%
Katar 138 509 Al-Shahaniya
2%
Filipiny 881 000 Antipolo
2%
Madagaskar 245 592 Antsirabe
2%
Trynidad i Tobago 33 606 Arima
2%
Wyspy Marshalla 2 068 Arno
2%
Katar 589 531 Ar-Rajjan
2%
Ghana 298 841 Ashaiman
2%
Republika Zielonego Przylądka 12 026 Assomada
2%
Jordania 729 000 Az-Zarka
2%
Mauretania 44 649 Az-Zuwajrat
2%
Saint Lucia 5 138 Babonneau
2%
Gwinea Bissau 29 556 Bafatá
2%
Republika Środkowoafrykańska 41 356 Bambari
2%
Kamerun 533 000 Bamenda
2%
Burkina Faso 75 917 Banfora
2%
Barbados 1 765 Bathsheba
2%
Kambodża 140 533 Battambang
2%
Timor Wschodni 17 357 Baucau
2%
Oman 187 871 Bauszar
2%
Mauritius 104 086 Beau Bassin-Rose Hill
2%
Republika Środkowoafrykańska 76 918 Berbérati
2%
Kiribati 12 509 Betio
2%
Saint Lucia 7 119 Bexon
2%
Saint Vincent i Grenadyny 1 050 Biabou
2%
Eswatini 10 342 Big Bend
2%
Kiribati 6 170 Bikenibeu
2%
Gwinea Bissau 9 898 Bissorã
2%
Nauru 851 Boe
2%
Antigua i Barbuda 1 888 Bolans
2%
Wybrzeże Kości Słoniowej 536 719 Bouaké
2%
Gambia 77 700 Brikama
2%
Liberia 50 245 Buchanan
2%
Rwanda 50 220 Butare
2%
Saint Vincent i Grenadyny 1 365 Byera Village
2%
Gwinea Bissau 12 044 Canchungo
2%
Paragwaj 236 800 Capiatá
2%
Republika Środkowoafrykańska 45 421 Carnot
2%
Kostaryka 232 300 Cartago
2%
Trynidad i Tobago 83 516 Chaguanas
2%
Mozambik 425 000 Chimoio
2%
Tadżykistan 181 600 Chodżent
2%
Honduras 196 110 Choloma
2%
Tajlandia 1 399 000 Chon Buri
2%
Korea Północna 642 000 Chongjin
2%
Burundi 23 885 Cibitoke
2%
Saint Lucia 3 577 Ciceron
2%
Haiti 241 055 Cité Soleil
2%
Urugwaj 95 176 Ciudad de la Costa
2%
Nikaragua 115 790 Ciudad Sandino
2%
Wietnam 1 618 000 Cần Thơ
2%
Gwatemala 212 047 Cobán
2%
Wybrzeże Kości Słoniowej 245 360 Daloa
2%
Mongolia 84 707 Darchan
2%
Turkmenistan 245 872 Daszoguz
2%
Sri Lanka 184 468 Dehiwala-Mount Lavinia
2%
Haiti 359 451 Delmas
2%
Surinam 26 161 De Nieuwe Grond
2%
Saint Lucia 3 051 Dennery
2%
Gwinea 157 017 Dubréka
2%
Bahamy 2 890 Dundas Town
2%
Ekwador 305 313 Durán
2%
Wyspy Marshalla 15 000 Ebaye
2%
Republika Południowej Afryki 3 894 000 Ekurhuleni
2%
Honduras 118 740 El Progreso
2%
Luksemburg 20 711 Ettelbruck
2%
Gambia 29 867 Farafenni
2%
Madagaskar 189 879 Fianarantsoa
2%
Saint Kitts i Nevis 2 922 Figtree
2%
Komory 19 259 Fomboni
2%
Gwinea Bissau 43 556 Gabu
2%
Liberia 42 077 Ganta
2%
Liberia 56 986 Gbarnga
2%
Bhutan 9 858 Gelephu
2%
Rwanda 136 830 Gisenyi
2%
Rwanda 49 038 Gitarama
2%
Benin 253 262 Godomey
2%
Gujana 23 129 Golden Grove
2%
Etiopia 362 000 Gondar
2%
Grenada 3 378 Gouyave
2%
Grenada 2 476 Grenville
2%
Wyspy Świętego Tomasza i Książeca 7 604 Guadalupe
2%
Bahrajn 52 718 Hamad Town
2%
Korea Północna 549 000 Hamhung
2%
Kuwejt 164 212 Hawalli
2%
Kostaryka 367 900 Heredia
2%
Malediwy 11 129 Hithadhoo
2%
Lesotho 38 558 Hlotse
2%
Barbados 1350 Holetown
2%
Malediwy 15 769 Hulhumalé
2%
Jemen 649 000 Ibb
2%
Tadżykistan 64 400 Istarawszan
2%
Wyspy Marshalla 1 200 Jabor
2%
Liberia 34 608 Kakata
2%
Gwinea 190 722 Kankan
2%
Senegal 233 708 Kaolack
2%
Kirgistan 78 130 Karakol
2%
Malawi 61 609 Karonga
2%
Mali 126 319 Kayes
2%
Czad 57 859 Kélo
2%
Erytrea 146 483 Keren
2%
Sri Lanka 185 122 Kesbewa
2%
Mauretania 50 206 Kiffa
2%
Somalia 471 000 Kismayo
2%
Mikronezja 6 969 Kitti
2%
Zambia 715 200 Kitwe
2%
Surinam 27 713 Koewarasan
2%
Sierra Leone 124 662 Koidu
2%
Wybrzeże Kości Słoniowej 243 048 Korhogo
2%
Burkina Faso 88 184 Koudougou
2%
Mali 141 444 Koutiala
2%
Brunei 31 890 Kuala Belait
2%
Tadżykistan 105 500 Kulab
2%
Malediwy 8 440 Kulhudhuffushi
2%
Tadżykistan 110 800 Kurgonteppa
2%
Honduras 195 780 La Ceiba
2%
Panama 118 521 La Chorrera
2%
Cypr 51 633 Lakatamia
2%
Dominikana 224 882 La Romana
2%
Panama 127 440 Las Cumbres
2%
Fidżi 71 573 Lautoka
2%
Surinam 18 663 Lelydorp
2%
Antigua i Barbuda 2 560 Liberta
2%
Gujana 28 674 Linden
2%
Timor Wschodni 12 471 Lospalos
2%
Kamerun 498 000 Loum
2%
Brunei 9 462 Lumut
2%
Paragwaj 256 100 Luque
2%
Gujana 18 928 Lusignan
2%
Papua-Nowa Gwinea 35 971 Madang
2%
Lesotho 39 754 Mafeteng
2%
Madagaskar 244 722 Mahajanga
2%
Sierra Leone 124 634 Makeni
2%
Sudan Południowy 114 528 Malakal
2%
Timor Wschodni 12 787 Maliana
2%
Gwinea 167 354 Manéah
2%
Eswatini 110 537 Manzini
2%
Lesotho 55 541 Maputsoe
2%
Niger 267 249 Maradi
2%
Dominika 2 411 Marigot
2%
Saint Kitts i Nevis 2 568 Market Shop
2%
Nikaragua 129 980 Masaya
2%
Mozambik 1 706 000 Matola
2%
Oman 150 067 Matrah
2%
Jamajka 66 072 May Pen
2%
Tanzania 566 000 Mbeya
2%
Kamerun 486 000 Mbouda
2%
Salwador 140 751 Mejicanos
2%
Etiopia 524 000 Mekelle
2%
Somalia 666 000 Merca
2%
Saint Kitts i Nevis 2 332 Middle Island
2%
Republika Zielonego Przylądka 70 468 Mindelo
2%
Azerbejdżan 101 600 Mingeczaur
2%
Komory 10 843 Mirontsi
2%
Gwatemala 463 019 Mixco
2%
Botswana 102 706 Mogoditshane
2%
Lesotho 40 040 Mohale's Hoek
2%
Botswana 80 969 Molepolole
2%
Czad 137 251 Moundou
2%
Papua-Nowa Gwinea 29 765 Mount Hagen
2%
Bahamy 1 938 Murphy Town
2%
Komory 26 228 Mutsamudu
2%
Tanzania 1 120 000 Mwanza
2%
Malawi 221 272 Mzuzu
2%
Fidżi 71 048 Nadi
2%
Uzbekistan 529 000 Namangan
2%
Mauretania 118 167 Nawazibu
2%
Zambia 574 400 Ndola
2%
Wyspy Świętego Tomasza i Książeca 10 068 Neves
2%
Palau 529 Ngetkib
2%
Burundi 39 884 Ngozi
2%
Kongo 71 620 Nkayi
2%
Wyspy Salomona 3 365 Noro
2%
Sudan 923 000 Nyala
2%
Gwinea 195 027 Nzérékoré
2%
Barbados 2 285 Oistins
2%
Belize 13 669 Orange Walk Town
2%
Burkina Faso 73 153 Ouahigouya
2%
Komory 10 956 Ouani
2%
Timor Wschodni 12 421 Pante Macassar
2%
Kambodża 89 549 Paôypêt
2%
Gujana 16 332 Paradise
2%
Benin 255 478 Parakou
2%
Izrael 244 275 Petach Tikwa
2%
Haiti 271 175 Pétion-Ville
2%
Laos 48 643 Phonsavan
2%
Bhutan 27 658 Phuntsholing
2%
Nepal 264 991 Pokhara
2%
Gabon 136 462 Port-Gentil
2%
Dominika 4 167 Portsmouth
2%
Antigua i Barbuda 2 066 Potters Village
2%
Kambodża 89 447 Preăh Sihanŭk
2%
Kostaryka 87 500 Puntarenas
2%
Malta 16 801 Qormi
2%
Mauritius 77 308 Quatre Bornes
2%
Bangladesz 908 000 Radźszahi
2%
Bahrajn 79 550 Riffa
2%
Izrael 251 719 Riszon le-Cijjon
2%
Rwanda 59 333 Ruhengeri
2%
Kenia 389 000 Ruiru
2%
Burundi 35 931 Rumonge
2%
Namibia 63 431 Rundu
2%
Jordania 524 000 Russeifa
2%
Kuwejt 139 163 Sabah Al-Salem
2%
Grenada 1 321 Saint David’s
2%
Bhutan 9 325 Samdrup Jongkhar
2%
Trynidad i Tobago 48 838 San Fernando
2%
Belize 22 951 San Ignacio
2%
Panama 315 019 San Miguelito
2%
Wyspy Świętego Tomasza i Książeca 10 290 Santana
2%
Czad 97 224 Sarh
2%
Laos 91 684 Savannakhet
2%
Mali 133 501 Ségou
2%
Ghana 539 548 Sekondi-Takoradi
2%
Brunei 20 327 Sengkurong
2%
Brunei 9 147 Seria
2%
Mali 226 618 Sikasso
2%
Korea Północna 326 000 Sinuiju
2%
Salwador 241 403 Soyapango
2%
Barbados 3 634 Speightstown
2%
Bangladesz 852 000 Srihotto
2%
Cypr 78 786 Strowolos
2%
Oman 129 759 Suhar
2%
Niger 117 826 Tahoua
2%
Jemen 845 000 Taiz
2%
Tajwan 2 245 000 Taoyuan
2%
Libia 210 697 Tarhuna
2%
Mjanma 264 804 Taunggyi
2%
Kiribati 3 939 Teaoraereke
2%
Erytrea 64 889 Tesenej
2%
Nikaragua 134 103 Tipitapa
2%
Panama 113 174 Tocumen
2%
Kirgistan 66 283 Tokmok
2%
Wyspy Świętego Tomasza i Książeca 16 140 Trindade
2%
Tuvalu 516 Vaiaku
2%
Samoa 3 122 Vailele
2%
Samoa 7 299 Vaitele
2%
Gwatemala 426 316 Villa Nueva
2%
Sudan 374 000 Wad Madani
2%
Armenia 46 200 Wagharszapat
2%
Armenia 77 200 Wanadzor
2%
Mikronezja 13 910 Weno
2%
Papua-Nowa Gwinea 37 825 Wewak
2%
Wyspy Marshalla 880 Wotje
2%
Azerbejdżan 96 200 Xırdalan
2%
Sudan Południowy 69 720 Yei
2%
Filipiny 917 000 Zamboanga City
2%
Niger 235 605 Zinder
2%
Malawi 105 013 Zomba
2%
Gwinea Równikowa 11 192 Aconibe
1%
Erytrea 47 482 Agordat
1%
Jemen 669 000 Al Hudaydah
1%
Dżibuti 37 939 Ali Sabieh
1%
Katar 165 214 Al Wukair
1%
Uzbekistan 443 000 Andijan
1%
Gwinea Równikowa 10 191 Añisoc
1%
Seszele 4 935 Anse Etoile
1%
Seszele 4 665 Anse Royale
1%
Tuvalu 650 Asau
1%
Togo 79 800 Atakpamé
1%
Tunezja 142 953 At-Tadamun
1%
Wyspy Salomona 5 105 Auki
1%
Seszele 4 786 Baie Saint Anne
1%
Saint Vincent i Grenadyny 1 000 Barrouallie
1%
Nepal 147 777 Bharatpur
1%
Nepal 204 949 Biratnagar
1%
Nauru 739 Buada
1%
Dominika 3 324 Canefield
1%
Zambia 245 300 Chingola
1%
Zimbabwe 356 840 Chitungwiza
1%
Mauritius 78 692 Curepipe
1%
Dżibuti 24 886 Dikhil
1%
Kongo 83 798 Dolisie
1%
Gwinea Równikowa 24 831 Ebebiyín
1%
Sudan 481 000 El-Obeid
1%
Zimbabwe 167 462 Epworth
1%
Samoa 4 260 Faleasiu
1%
Tuvalu 347 Fangaua
1%
Gabon 110 568 Franceville
1%
Malediwy 8 510 Fuvahmulah
1%
Wyspy Salomona 3 547 Gizo
1%
Tonga 3 476 Haveluloto
1%
Surinam 15 656 Houttuin
1%
Kongo 33 911 Impfondo
1%
Vanuatu 1 437 Isangel
1%
Zambia 234 100 Kabwe
1%
Sri Lanka 252 041 Kaduwela
1%
Mauretania 45 539 Kajhajdi
1%
Sierra Leone 200 443 Kenema
1%
Uganda 462 900 Kira
1%
Palau 484 Kloulklubed
1%
Togo 88 100 Kpalimé
1%
Uganda 285 400 Kyengera
1%
Fidżi 26 601 Labasa
1%
Nepal 226 728 Lalitpur
1%
Urugwaj 71 258 Las Piedras
1%
Dominikana 245 269 Los Alcarrizos
1%
Vanuatu 13 397 Luganville
1%
Sri Lanka 196 423 Maharagama
1%
Eswatini 9 724 Malkerns
1%
Erytrea 63 492 Mendefera
1%
Nauru 380 Meneng
1%
Palau 1 679 Meyuns
1%
Wyspy Salomona 2 843 Munda
1%
Zimbabwe 186 208 Mutare
1%
Uganda 532 800 Nansana
1%
Fidżi 57 882 Nausori
1%
Tonga 3 731 Neiafu
1%
Eswatini 9 016 Nhlangano
1%
Vanuatu 2 998 Norsup
1%
Namibia 36 541 Oshakati
1%
Gabon 79 300 Owendo
1%
Gabon 60 685 Oyem
1%
Urugwaj 76 412 Paysandú
1%
Seszele 4 586 Perseverance
1%
Vanuatu 1 951 Port-Olry
1%
Tajlandia 1 307 000 Samut Prakan
1%
Trynidad i Tobago 20 710 Sangre Grande
1%
Turkmenistan 93 692 Serdar
1%
Togo 107 700 Sokodé
1%
Tajlandia 967 000 Songkhla
1%
Uganda 413 400 Ssabagabo
1%
Dżibuti 14 820 Tadżura
1%
Tonga 3 489 Tofoa
1%
Turkmenistan 279 765 Turmenbaszy
1%
Tonga 3 361 Vaini
1%
Sudan Południowy 105 881 Yambio
1%
Nie znaleziono quizów pasujących do podanych kryteriów
Rozkład punktacji
Procent ludzi z każdym wynikiem
Percentyl według liczby udzielonych odpowiedzi
Twoja historia wyników
Nie rozwiązałeś tego quizu od ostatniego zresetowania